Statistiques concernant Personnages de fiction à lunettes - Quiz par Images

Cliquez ici pour prendre le quiz!

Statistiques générales

  • Ce quiz a été pris 800 fois
  • Le résultat moyen est 8 sur 16

Statistiques - réponses

Réponse% Correct
Harry Potter
100%
Charlie
88%
Véra Dinkley
84%
Terminator
62%
Neo
60%
Léon
52%
Walter White
49%
Milhouse Van Houten
48%
Dexter
47%
Edna Mode
47%
Mirabel Madrigal
34%
Pete "Maverick" Mitchell
32%
Clark Kent
31%
Chicken Little
30%
Carl Fredricksen
28%
Austin Powers
22%

Distribution des résultats

Percentile par nombre de réponses

% des personnes avec chaque résultat

Votre développement - résultats

Vous n’avez pas pris ce quiz